El manual del equipo (Registro nro. 184751)

Detalles MARC
000 -ENCABEZADO
Número de control [NR] 00894cam a2200229Ma 4500
005 - FECHA Y HORA DE LA ÚLTIMA TRANSACCIÓN
control field 20171013151028.0
008 - DE LONGITUD FIJA DE DATOS DE ELEMENTOS - INFORMACIÓN GENERAL
Elementos de longitud fija [NR] 960916s1991 xx ad frn 001 0 spa d
020 ## - NUMERO INTERNACIONAL NORMALIZADO PARA LIBROS [R]
Número Internacional Normalizado del libro [NR] 0962226432
040 ## - FUENTE DE CATALOGACION [NR]
Agencia de catalogación original [NR] Co-BoUCM
Idioma de catalogación [NR] spa
Quien Cataloga Sandra Palacio (modificó)
Quien Clasifica Aldemar Mondragón
041 1# - CODIGO DE IDIOMA [R]
Código de idioma para texto/pista de sonido o título separado [R] Español
100 1# - ASIENTO PRINCIPAL--NOMBRE PERSONAL [NR]
Nombre personal [NR] Scholtes, Peter R.
ID Autoridad 56738
245 13 - MENCION DE TITULO [NR]
Título [NR] El manual del equipo
Parte restante del título [NR] cómo usar equipos para mejorar la calidad
Mención de responsabilidad, etc. [NR] Peter S. Scholtes ; traducción José G., Ramírez
260 ## - PUBLICACION, DISTRIBUCION, ETC. (PIE DE IMPRENTA) [R]
Lugar de publicación, distribución, etc. [R] Madison (Wisconsin, Estados Unidos)
Nombre del editor, distribuidor, etc. [R] Joiner
Fecha de publicación, distribución, etc. [R] 1991
300 ## - DESCRIPCION FISICA [R]
Extensión [R] Varias paginaciones
650 17 - ASIENTO SECUNDARIO DE MATERIA - TERMINO TEMATICO [R]
Término temático o nombre geográfico como elemento de entrada [NR] Calidad total en administración
9 (RLIN) 10322
650 27 - ASIENTO SECUNDARIO DE MATERIA - TERMINO TEMATICO [R]
Término temático o nombre geográfico como elemento de entrada [NR] Círculos de calidad
9 (RLIN) 10880
650 27 - ASIENTO SECUNDARIO DE MATERIA - TERMINO TEMATICO [R]
Término temático o nombre geográfico como elemento de entrada [NR] Equipos en el lugar de trabajo
9 (RLIN) 56036
690 ## - ASUNTO AGREGADO LOCAL DE ENTRADA - TÉRMINO TEMÁTICO (OCLC, RLIN)
Acceso temático local Administración de empresas
9 (RLIN) 435
700 1# - ASIENTO SECUNDARIO - NOMBRE PERSONAL [R]
Nombre personal [NR] Ramírez, José G.
9 (RLIN) 56740
Término de relación [R] traductor
942 ## - ELEMENTOS DE ENTRADA AGREGADOS (KOHA)
Tema principal Administración
Tipo de ítem principal el descrito en 300a Libro
Edición 1
Parte restante de la signatura top. S368m
Sistema de clasificación DEWEY
Clasificación 658.312
Existencias
Signatura topográfica Código de barras Última vez visto Ejemplar Costo de reposición Price effective from Tipo de ítem Perdido Sistema de clasificación Dañado No prestable Tipo de ítem específico Suprimido Ubicación habitual Ubicación actual Localización Fecha de creación Proveedor Forma de adquisición Costo
658.312 S368m 100140369 04/12/2025 Ej.1 138600.00 22/01/2014 Libro   DEWEY     Libro   Claustro Claustro 4to piso 22/01/2014 15 Compra 138600.00